La isla del Dr. Moreau /

Bibliographic Details
Main Author: Wells, H. G. 1866-1946
Format: Libro
Language:Spanish
Published: Madrid Alianza 2003
Series:Biblioteca temática. Biblioteca juvenil 8062
Subjects:
Online Access:

MARC

LEADER 00000cam a2200000 a 4500
001 021165
003 UAHC_CL
005 20170803121947.0
008 080729s2003 sp 000 1 spa
020 |a 8420655414 
040 |a UAHC_CL  |c UAHC_CL  |d UAHC_CL 
082 0 4 |a 823  |b W453  |2 20 
100 1 |a Wells, H. G.  |d 1866-1946 
245 1 3 |a La isla del Dr. Moreau /  |c Herbert George Wells. 
260 |b Alianza  |a Madrid  |c 2003 
300 |a 171 p. 
490 0 |a Biblioteca temática. Biblioteca juvenil  |v 8062 
650 4 |a NOVELAS INGLESAS 
653 |a COMPLEMENTARIA 
900 |a 823 WEL 
942 |c BK 
952 |0 0  |1 0  |4 0  |6 823_000000000000000_WEL  |7 0  |8 General  |9 42137  |a BC  |b BC  |c General  |d 2017-08-03  |l 0  |o 823 WEL  |p 1364753  |r 2025-11-26 00:00:00  |t 1  |w 2017-08-03  |y BK 
999 |c 21165  |d 21165